000 00349 a2200157 4500
001 56971
020 _a8502062382
040 _cAnchieta - Pituba
100 _aNicolelis, Giselda Laporta
240 1 0 _aO sol é testemunha
_lpor
245 1 0 _aO sol é testemunha
300 _a117
362 0 _a2007
650 4 _aLiteratura juvenil
942 _cBK
999 _c56971
_d56971